000 00541nam a22001697a 4500
003 UA-OsUOA
001 8332
007 ta
008 20040909b un ||||| |||| 00| 0 ukr d
942 _cSA
040 _aUA-OsUOA
_cUA-OsUOA
_dUA-OsUOA
245 _aПередвиборча програма кандидата на пост Президента України Кінаха Анатолія Кириловича
300 _aС.5
955 _a0
773 0 _w0
_tГолос України
_dКиїв
_d2004
_gN152/17 серп/
650 7 _2UDC
999 _c294493
_d294493